| 000 | 00497nam a22001937a 4500 | ||
|---|---|---|---|
| 003 | OSt | ||
| 005 | 20150415141825.0 | ||
| 008 | 150415b xxu||||| |||| 00| 0 eng d | ||
| 020 | _a1853392871 | ||
| 040 | _cDDC | ||
| 082 | _222nd ed. | ||
| 100 |
_aAppleton, Helen _93877 |
||
| 245 |
_aDo it herself: _bwomen and techical innovation |
||
| 260 |
_aLondon; _bIntermediate, _c1995 |
||
| 300 |
_avii,310p; _bill: _c23cm |
||
| 504 | _aReferences included | ||
| 650 |
_aGender _9611 |
||
| 942 |
_2z _cO_SHELF |
||
| 999 |
_c1468 _d1468 |
||